000 01007nam a2200229Ia 4500
003 Ost
005 20260507075029.0
008 260507s9999||||xx |||||||||||||| ||und||
040 _cfsecg
041 _aara
082 _a330
100 _aدويدار، محمد
_eمؤلف
245 0 _aمبادئ الإقتصاد النقدي /
_c محمد دويدار
260 _aالإسكندرية:
_bدار الجامعة الجديدة,
_c2003
300 _a393 صفحة؛
_bإيضاحات ؛
_c24 سم
520 _aالأداء اليومي للإقتصاد الرأسمالي، في التعريف بالنقود، في المؤسسات النقدية، النظام المصرفي في ظل طريقة الإنتاج الرأسمالية، النقود ونظريات أداء الإقتصاد الرأسمالي
653 _aالإقتصاد
653 _aالإقتصاد المالي
653 _aالنقود
700 _aالفولي، أسامة
_eمؤلف ثانوي
942 _cكتاب
999 _c42377
_d42377